Management building contract guide (Record no. 121814)

MARC details
000 -LEADER
fixed length control field 00821cam a22002535a 4500
005 - DATE AND TIME OF LATEST TRANSACTION
control field 20240228161342.0
008 - FIXED-LENGTH DATA ELEMENTS--GENERAL INFORMATION
fixed length control field 240228s2008 xxk f 000 0 eng d
020 ## - INTERNATIONAL STANDARD BOOK NUMBER
International Standard Book Number 9780418847909
041 0# - LANGUAGE CODE
Language code of text/sound track or separate title eng
050 04 - LIBRARY OF CONGRESS CALL NUMBER
Classification number 692.8 $2 18
110 2# - MAIN ENTRY--CORPORATE NAME
Corporate name or jurisdiction name as entry element Joint Contracts Tribunal
9 (RLIN) 3664
240 ## - UNIFORM TITLE
Uniform title MBC 2008
245 00 - TITLE STATEMENT
Title Management building contract guide
Remainder of title MC/G
246 ## - VARYING FORM OF TITLE
Title proper/short title MC/G
260 ## - PUBLICATION, DISTRIBUTION, ETC.
Place of publication, distribution, etc. London
Name of publisher, distributor, etc. Sweet and Maxwell
Date of publication, distribution, etc. 2008
300 ## - PHYSICAL DESCRIPTION
Extent ii, 51p.
Dimensions 30cm.
490 #0 - SERIES STATEMENT
Series statement JCT Contracts 2008
521 2# - TARGET AUDIENCE NOTE
Target audience note Advanced
650 24 - SUBJECT ADDED ENTRY--TOPICAL TERM
Topical term or geographic name entry element JCT MANAGEMENT WORKS CONTRACT CONDITIONS (2008 EDITION)
650 24 - SUBJECT ADDED ENTRY--TOPICAL TERM
Topical term or geographic name entry element JCT MANAGEMENT BUILDING CONTRACT (2008 EDITION)
651 #4 - SUBJECT ADDED ENTRY--GEOGRAPHIC NAME
Geographic name United Kingdom
690 ## - LOCAL SUBJECT ADDED ENTRY--TOPICAL TERM (OCLC, RLIN)
Topical term or geographic name as entry element BUILT ENVIRONMENT-BUILDING CONTRACT FORMS-STANDARD FORMS OF BUILDING CONTRACT-JOINT CONTRACTS TRIBUNAL CONTRACTS
942 ## - ADDED ENTRY ELEMENTS (KOHA)
Suppress in OPAC 0
Holdings
Withdrawn status Lost status Damaged status Not for loan Home library Current library Shelving location Date acquired Total Checkouts Full call number Date last seen Price effective from Koha item type
        London London Boxed set 28/02/2024   JCT 2008/17 28/02/2024 28/02/2024 Reference material